00330nam a2200121Ia 4500008004100000020001800041041000800059082002100067100001500088245004900103260004700152300000900199230411s9999 xx 000 0 und d a81 7254 132 5 aeng aX/820/SUB/B04703 aSubburaj V aMega Objective General Knowledge : Volume II bSura College of CompetitionaChennaic2005 a300p